| 000 | 00910nam a2200265 a 4500 | ||
|---|---|---|---|
| 001 | 000007965 | ||
| 003 | DO-SdBNP | ||
| 005 | 20180214094228.0 | ||
| 007 | 000007965 | ||
| 008 | 090914s2004 dr 000 0 spa d | ||
| 040 |
_aBPMSU _bspa _cBPMSU |
||
| 092 |
_a863.44 _bA634cu |
||
| 245 | 0 | 0 |
_aAntología de cuentos famosos de la literatura infantil / _cSantiago A. Bonilla Meléndez. |
| 260 |
_aSanto Domingo : _bBúho, _c2004 |
||
| 300 |
_a227 p. : _c23 cm. |
||
| 500 | _aIncluye datos biográficos del compilador en la contra cubierta. | ||
| 650 | 4 | _aLIBROS Y LECTURAS PARA NIÑOS | |
| 650 | 4 |
_aLITERATURA INFANTIL _xCOLECCIONES |
|
| 650 | 4 |
_aCUENTOS INFANTILES _xCOLECCIONES |
|
| 700 | 1 |
_aBonilla Meléndez, Santiago A., _ecomp. |
|
| 910 | _aValidado. Control de calidad EMS | ||
| 942 |
_2ddc _cBK |
||
| 945 | _aTítulo remanejado para BNPHU /2017 VM | ||
| 956 |
_aVMATEO _b10 _c20140224 _lBPMSU _h0069 |
||
| 999 |
_c7291 _d7291 |
||